00436nam a22001577a 450000500170000000800410001704000070005804100120006508200220007710000150009924500490011426000360016330000340019965000280023370000170026120230329151900.0230329b ||||| |||| 00| 0 eng d cAL aEnglish 223a320/211bKHAC aV N Khanna aComparative Study of Government and Politics aNew DelhibR Chand and Coc1982 aviii,348 p.bPBc21.x13.5 cm. aComparative Governments aKHANNA (V N)